[Event "Plancoet op 2nd"]
[Site "Plancoet"]
[Date "2002.08.01"]
[Round "7.16"]
[White "Mialane, Pierre"]
[Black "Verhaeghe, Philip"]
[Result "0-1"]
[WhiteElo "1960"]
[BlackElo "2033"]
[PlyCount "161"]
[EventDate "2002.07.23"]
[EventType "swiss"]
[EventRounds "9"]
[EventCountry "FRA"]
[SourceTitle "EXT 2003"]
[Source "ChessBase"]
[SourceDate "2002.11.25"]
[SourceVersion "1"]
[SourceVersionDate "2002.11.25"]
[SourceQuality "1"]

1. d4 d5 2. c4 e6 3. Nc3 Nf6 4. Bg5 Be7 5. e3 0-0 6. Nf3 h6 7. Bh4 b6 8. cxd5 exd5 9. Be2 Be6 10. 0-0 Nbd7 11. Rc1 c5 12. h3 Ne4 13. Bxe7 Qxe7 14. Ba6 Rad8 15. dxc5 Nxc3 16. Rxc3 Nxc5 17. Bb5 Ne4 18. Rc1 Qb4 19. Qb3 Qxb3 20. axb3 Rc8 21. Nd4 a5 22. Rfd1 Nc5 23. Rc3 Rfd8 24. Nc6 Rd7 25. Rdc1 Rdc7 26. Nd4 Kf8 27. Kf1 Ke7 28. Ba4 g6 29. Nb5 Rb7 30. Nd4 Bd7 31. Ke2 Kd6 32. Bxd7 Rxd7 33. Ra1 Rb8 34. Rac1 Kc7 35. R3c2 Kb7 36. Rc3 Re8 37. R3c2 f5 38. g3 Ne6 39. Nxe6 Rxe6 40. Kd3 Re4 41. f3 Rb4 42. Rc3 d4 43. exd4 Rbxd4+ 44. Ke3 R4d6 45. f4 Ka6 46. R1c2 Kb5 47. Rc1 Re7+ 48. Kf3 g5 49. R1c2 Re4 50. Re2 Rde6 51. Rxe4 Rxe4 52. Rd3 Kc5 53. Rc3+ Kd5 54. Rd3+ Ke6 55. Rc3 Kd5 56. Rd3+ Kc5 57. Rc3+ Kb5 58. Rd3 gxf4 59. gxf4 Kc5 60. h4 h5 61. Rc3+ Kd5 62. Rd3+ Rd4 63. Ke3 Rxd3+ 64. Kxd3 b5 65. Ke3 Kc5 66. Kd3 Kb4 67. Kc2 a4 68. bxa4 bxa4 69. Kb1 Kc4 70. Ka2 Kd4 71. Ka3 Ke4 72. Kxa4 Kxf4 73. b4 Ke5 74. b5 f4 75. b6 Kd6 76. Kb5 f3 77. Ka6 f2 78. Ka7 f1Q 79. b7 Qa1+ 80. Kb6 Qb2+ 81. Ka7 0-1

[Event "Plancoet op 2nd"]
[Site "Plancoet"]
[Date "2002.07.30"]
[Round "5.3"]
[White "Belkhodja, Slim"]
[Black "Verhaeghe, Philip"]
[Result "1-0"]
[WhiteElo "2505"]
[BlackElo "2033"]
[PlyCount "63"]
[EventDate "2002.07.23"]
[EventType "swiss"]
[EventRounds "9"]
[EventCountry "FRA"]
[SourceTitle "EXT 2003"]
[Source "ChessBase"]
[SourceDate "2002.11.25"]
[SourceVersion "1"]
[SourceVersionDate "2002.11.25"]
[SourceQuality "1"]

1. e4 c5 2. Nf3 Nc6 3. Bb5 g6 4. Bxc6 dxc6 5. d3 Bg7 6. h3 Nf6 7. Nc3 Qc7 8. Be3 b6 9. Qd2 e5 10. Bh6 0-0 11. Ne2 Be6 12. Bxg7 Kxg7 13. Qc3 Nd7 14. Ng5 Rfe8 15. f4 f6 16. Nxe6+ Rxe6 17. 0-0 exf4 18. Nxf4 Re5 19. b4 Rae8 20. bxc5 Rxc5 21. Qd2 Ra5 22. Rf2 Qd6 23. c3 Ra3 24. Kh1 Nc5 25. Raf1 Rd8 26. Qc1 Ra5 27. e5 fxe5 28. Nh5+ gxh5 29. Qg5+ Kh8 30. Rf7 Rg8 31. Rxh7+ Kxh7 32. Rf7+ 1-0